[Event "POHÁR města Říčany 2023"]
[Site "Městské kulturní středisko U labutě"]
[Date "2023.08.29"]
[Round "5.1"]
[White "Horak, Martin"]
[Black "Neuman, Petr"]
[Result "1-0"]
[WhiteFideId "367095"]
[BlackFideId "305243"]
[WhiteElo "2302"]
[BlackElo "2370"]
[PlyCount "0"]
[EventDate "2023.08.26"]

1. e4 {[%clk 01:22:48]} {[%emt 00:08:11]} c6 {[%clk 01:30:51]} {[%emt
00:00:10]} 2. Nf3 {[%clk 01:23:06]} {[%emt 00:00:12]} d5 {[%clk 01:31:16]}
{[%emt 00:00:05]} 3. Nc3 {[%clk 01:23:32]} {[%emt 00:00:04]} dxe4 {[%clk
01:31:34]} {[%emt 00:00:12]} 4. Nxe4 {[%clk 01:23:57]} {[%emt 00:00:05]} Nf6
{[%clk 01:31:55]} {[%emt 00:00:10]} 5. Qe2 {[%clk 01:24:22]} {[%emt 00:00:04]}
Nxe4 {[%clk 01:31:49]} {[%emt 00:00:36]} 6. Qxe4 {[%clk 01:24:47]} {[%emt
00:00:04]} Nd7 {[%clk 01:32:09]} {[%emt 00:00:11]} 7. Bc4 {[%clk 01:24:57]}
{[%emt 00:00:19]} Nf6 {[%clk 01:32:32]} {[%emt 00:00:07]} 8. Ne5 {[%clk
01:25:19]} {[%emt 00:00:08]} e6 {[%clk 01:32:54]} {[%emt 00:00:09]} 9. Qe2
{[%clk 01:25:45]} {[%emt 00:00:04]} b5 {[%clk 01:31:57]} {[%emt 00:01:28]} 10.
Bd3 {[%clk 01:24:01]} {[%emt 00:02:13]} Bb7 {[%clk 01:25:11]} {[%emt 00:07:16]}
11. a4 {[%clk 01:19:53]} {[%emt 00:04:38]} a6 {[%clk 01:16:39]} {[%emt
00:09:04]} 12. O-O {[%clk 01:13:17]} {[%emt 00:07:04]} Bd6 {[%clk 01:13:53]}
{[%emt 00:03:17]} 13. b3 {[%clk 01:11:59]} {[%emt 00:01:48]} h5 {[%clk
00:36:27]} {[%emt 00:37:58]} 14. Bb2 {[%clk 01:01:58]} {[%emt 00:10:30]} Ng4
{[%clk 00:35:11]} {[%emt 00:01:46]} 15. Rae1 {[%clk 00:51:24]} {[%emt
00:11:04]} Qc7 {[%clk 00:33:01]} {[%emt 00:02:41]} 16. Nxg4 {[%clk 00:48:31]}
{[%emt 00:03:22]} hxg4 {[%clk 00:33:07]} {[%emt 00:00:25]} 17. g3 {[%clk
00:48:48]} {[%emt 00:00:13]} bxa4 {[%clk 00:26:10]} {[%emt 00:07:28]} 18. bxa4
{[%clk 00:47:10]} {[%emt 00:02:08]} c5 {[%clk 00:26:04]} {[%emt 00:00:36]} 19.
Qxg4 {[%clk 00:42:53]} {[%emt 00:04:47]} O-O-O {[%clk 00:25:45]} {[%emt
00:00:50]} 20. Be4 {[%clk 00:41:58]} {[%emt 00:01:24]} Bxe4 {[%clk 00:23:38]}
{[%emt 00:02:37]} 21. Qxe4 {[%clk 00:42:13]} {[%emt 00:00:14]} Rh5 {[%clk
00:23:15]} {[%emt 00:00:54]} 22. Bxg7 {[%clk 00:40:29]} {[%emt 00:02:14]} Qb7
{[%clk 00:18:38]} {[%emt 00:05:07]} 23. Bf6 {[%clk 00:38:29]} {[%emt 00:02:30]}
Rg8 {[%clk 00:18:46]} {[%emt 00:00:22]} 24. Qxb7+ {[%clk 00:38:19]} {[%emt
00:00:41]} Kxb7 {[%clk 00:19:15]} {[%emt 00:00:02]} 25. Rb1+ {[%clk 00:38:28]}
{[%emt 00:00:19]} Kc6 {[%clk 00:19:41]} {[%emt 00:00:04]} 26. Bc3 {[%clk
00:37:54]} {[%emt 00:01:04]} Bc7 {[%clk 00:19:54]} {[%emt 00:00:17]} 27. Rfe1
{[%clk 00:35:45]} {[%emt 00:02:38]} Rg6 {[%clk 00:20:14]} {[%emt 00:00:10]} 28.
Kg2 {[%clk 00:34:56]} {[%emt 00:01:18]} Rgh6 {[%clk 00:20:35]} {[%emt
00:00:09]} 29. h4 {[%emt 00:01:24]} Rg6 {[%clk 00:20:05]} {[%emt 00:00:54]} 30.
Kh3 {[%clk 00:33:43]} {[%emt 00:00:54]} f5 {[%clk 00:17:40]} {[%emt 00:02:56]}
31. Be5 {[%clk 00:33:01]} {[%emt 00:01:12]} Bd8 {[%clk 00:14:56]} {[%emt
00:03:14]} 32. Rb8 {[%clk 00:32:28]} {[%emt 00:01:02]} 1-0

[Event "POHÁR města Říčany 2023"]
[Site "Městské kulturní středisko U labutě"]
[Date "2023.08.29"]
[Round "5.2"]
[White "Smolik, Jachym"]
[Black "Bezdek, Tomas"]
[Result "1-0"]
[WhiteFideId "23701641"]
[BlackFideId "23733551"]
[WhiteElo "2340"]
[BlackElo "2136"]
[PlyCount "0"]
[EventDate "2023.08.26"]

1. d4 {[%clk 01:30:59]} {[%emt 00:25:48]} Nf6 {[%clk 01:30:51]} {[%emt
00:00:09]} 2. c4 {[%clk 01:31:23]} {[%emt 00:00:06]} e6 {[%clk 01:31:09]}
{[%emt 00:00:13]} 3. Nc3 {[%clk 01:31:48]} {[%emt 00:00:05]} Bb4 {[%clk
01:31:32]} {[%emt 00:00:06]} 4. e3 {[%clk 01:32:03]} {[%emt 00:00:16]} O-O
{[%clk 01:31:53]} {[%emt 00:00:10]} 5. Bd3 {[%clk 01:32:28]} {[%emt 00:00:05]}
d5 {[%clk 01:32:13]} {[%emt 00:00:10]} 6. Nf3 {[%clk 01:31:55]} {[%emt
00:01:02]} dxc4 {[%clk 01:32:07]} {[%emt 00:00:36]} 7. Bxc4 {[%clk 01:32:21]}
{[%emt 00:00:04]} b6 {[%clk 01:32:18]} {[%emt 00:00:20]} 8. a3 {[%clk
01:32:26]} {[%emt 00:00:26]} Be7 {[%clk 01:28:16]} {[%emt 00:04:31]} 9. Qe2
{[%clk 01:32:07]} {[%emt 00:00:49]} c5 {[%clk 01:25:54]} {[%emt 00:02:52]} 10.
O-O {[%clk 01:32:08]} {[%emt 00:00:28]} Bb7 {[%clk 01:22:25]} {[%emt 00:03:58]}
11. Rd1 {[%clk 01:32:03]} {[%emt 00:00:36]} Nbd7 {[%clk 01:21:37]} {[%emt
00:01:18]} 12. b3 {[%clk 01:14:05]} {[%emt 00:18:28]} Qc7 {[%clk 01:10:59]}
{[%emt 00:11:08]} 13. Bb2 {[%clk 01:11:49]} {[%emt 00:02:47]} Ne4 {[%clk
01:01:29]} {[%emt 00:09:59]} 14. Nb5 {[%clk 00:59:57]} {[%emt 00:12:22]} Qc8
{[%clk 00:44:14]} {[%emt 00:17:44]} 15. Ne5 {[%clk 00:59:21]} {[%emt 00:01:06]}
Nxe5 {[%clk 00:38:02]} {[%emt 00:06:42]} 16. dxe5 {[%clk 00:59:49]} {[%emt
00:00:02]} Qc6 {[%clk 00:37:18]} {[%emt 00:01:14]} 17. f3 {[%clk 00:56:33]}
{[%emt 00:03:47]} a6 {[%clk 00:35:16]} {[%emt 00:02:33]} 18. Bd3 {[%clk
00:56:55]} {[%emt 00:00:08]} Qc8 {[%clk 00:30:35]} {[%emt 00:05:09]} 19. Bxe4
{[%clk 00:56:42]} {[%emt 00:00:45]} Bxe4 {[%clk 00:30:21]} {[%emt 00:00:43]} 20.
Nd6 {[%clk 00:53:04]} {[%emt 00:04:08]} Bxd6 {[%clk 00:30:41]} {[%emt
00:00:10]} 21. exd6 {[%clk 00:53:28]} {[%emt 00:00:06]} Bd5 {[%clk 00:30:15]}
{[%emt 00:00:56]} 22. Qd3 {[%clk 00:51:41]} {[%emt 00:02:16]} Qd7 {[%clk
00:29:02]} {[%emt 00:01:44]} 23. e4 {[%clk 00:50:52]} {[%emt 00:01:19]} Bb7
{[%clk 00:28:56]} {[%emt 00:00:36]} 24. a4 {[%clk 00:48:17]} {[%emt 00:03:05]}
f5 {[%clk 00:27:03]} {[%emt 00:02:22]} 25. Re1 {[%clk 00:41:45]} {[%emt
00:07:02]} fxe4 {[%clk 00:21:11]} {[%emt 00:06:22]} 26. fxe4 {[%clk 00:42:14]}
{[%emt 00:00:02]} Rf4 {[%clk 00:20:55]} {[%emt 00:00:45]} 27. Be5 {[%clk
00:39:07]} {[%emt 00:03:37]} Rf7 {[%clk 00:19:17]} {[%emt 00:02:07]} 28. h4
{[%clk 00:36:32]} {[%emt 00:03:05]} Qe8 {[%clk 00:13:20]} {[%emt 00:06:27]} 29.
h5 {[%clk 00:34:22]} {[%emt 00:02:40]} h6 {[%clk 00:13:03]} {[%emt 00:00:46]}
30. Qg3 {[%clk 00:34:08]} {[%emt 00:00:44]} b5 {[%clk 00:12:10]} {[%emt
00:01:23]} 31. Qg4 {[%clk 00:32:37]} {[%emt 00:02:01]} Qd7 {[%clk 00:11:45]}
{[%emt 00:00:55]} 32. Re3 {[%clk 00:31:13]} {[%emt 00:01:54]} Rc8 {[%clk
00:09:57]} {[%emt 00:02:18]} 33. axb5 {[%clk 00:29:55]} {[%emt 00:01:48]} axb5
{[%clk 00:10:16]} {[%emt 00:00:12]} 34. Rc1 {[%clk 00:27:52]} {[%emt 00:02:33]}
c4 {[%clk 00:10:12]} {[%emt 00:00:34]} 35. b4 {[%clk 00:28:21]} {[%emt
00:00:01]} Ra8 {[%clk 00:10:12]} {[%emt 00:00:29]} 36. Rg3 {[%clk 00:28:20]}
{[%emt 00:00:31]} Bc6 {[%clk 00:09:41]} {[%emt 00:01:02]} 37. Kh2 {[%clk
00:27:03]} {[%emt 00:01:46]} Ra2 {[%clk 00:08:07]} {[%emt 00:02:04]} 38. Re1
{[%clk 00:23:20]} {[%emt 00:04:13]} Raf2 {[%clk 00:08:10]} {[%emt 00:00:27]} 39.
Qg6 {[%clk 00:23:01]} {[%emt 00:00:49]} Qd8 {[%clk 00:06:28]} {[%emt 00:02:12]}
40. Bxg7 {[%clk 00:17:34]} {[%emt 00:05:57]} Qh4+ {[%clk 00:06:37]} {[%emt
00:00:21]} 41. Kg1 {[%clk 00:18:02]} {[%emt 00:00:03]} 1-0

[Event "POHÁR města Říčany 2023"]
[Site "Městské kulturní středisko U labutě"]
[Date "2023.08.29"]
[Round "5.3"]
[White "Hejsek, Lukas"]
[Black "Soucek, Petr"]
[Result "1-0"]
[WhiteFideId "393860"]
[BlackFideId "23715170"]
[WhiteElo "2081"]
[BlackElo "2268"]
[PlyCount "0"]
[EventDate "2023.08.26"]

1. d4 {[%clk 01:30:57]} f5 {[%clk 01:30:25]} {[%emt 00:00:37]} 2. Nf3 {[%clk
01:31:11]} {[%emt 00:00:14]} Nf6 {[%clk 01:30:50]} {[%emt 00:00:06]} 3. c4
{[%clk 01:31:23]} {[%emt 00:00:19]} d6 {[%clk 01:31:00]} {[%emt 00:00:20]} 4.
g3 {[%clk 01:31:28]} {[%emt 00:00:25]} g6 {[%clk 01:31:25]} {[%emt 00:00:06]} 5.
Bg2 {[%clk 01:31:43]} {[%emt 00:00:13]} Bg7 {[%clk 01:31:50]} {[%emt 00:00:06]}
6. O-O {[%clk 01:31:49]} {[%emt 00:00:24]} O-O {[%clk 01:32:15]} {[%emt
00:00:06]} 7. Nc3 {[%clk 01:31:23]} {[%emt 00:00:55]} Nc6 {[%clk 01:32:41]}
{[%emt 00:00:06]} 8. d5 {[%clk 01:28:22]} {[%emt 00:03:29]} Ne5 {[%clk
01:32:48]} {[%emt 00:00:23]} 9. Nxe5 {[%clk 01:28:13]} {[%emt 00:00:39]} dxe5
{[%clk 01:33:12]} {[%emt 00:00:06]} 10. Qb3 {[%clk 01:27:54]} {[%emt 00:00:48]}
h6 {[%clk 01:33:23]} {[%emt 00:00:21]} 11. a4 {[%clk 01:14:32]} {[%emt
00:13:52]} a6 {[%clk 01:32:51]} {[%emt 00:01:02]} 12. a5 {[%clk 01:14:12]}
{[%emt 00:00:50]} Kh8 {[%clk 01:31:13]} {[%emt 00:02:08]} 13. Bd2 {[%clk
01:03:06]} {[%emt 00:11:36]} e4 {[%clk 01:23:07]} {[%emt 00:08:36]} 14. Na4
{[%clk 00:55:55]} {[%emt 00:07:40]} g5 {[%clk 01:19:04]} {[%emt 00:04:33]} 15.
Bc3 {[%clk 00:55:50]} {[%emt 00:00:35]} Qe8 {[%clk 01:18:24]} {[%emt 00:01:11]}
16. Nc5 {[%clk 00:50:12]} {[%emt 00:06:07]} e5 {[%clk 00:55:08]} {[%emt
00:23:47]} 17. dxe6 {[%clk 00:49:51]} {[%emt 00:00:50]} Qc6 {[%clk 00:48:20]}
{[%emt 00:07:18]} 18. Nd7 {[%clk 00:36:29]} {[%emt 00:13:51]} Nxd7 {[%clk
00:46:53]} {[%emt 00:01:57]} 19. exd7 {[%clk 00:35:31]} {[%emt 00:01:28]} Bxd7
{[%clk 00:47:11]} {[%emt 00:00:13]} 20. Rfd1 {[%clk 00:30:05]} {[%emt
00:05:55]} Rad8 {[%clk 00:41:32]} {[%emt 00:06:10]} 21. Qb4 {[%clk 00:24:36]}
{[%emt 00:05:59]} Bxc3 {[%clk 00:35:33]} {[%emt 00:06:29]} 22. Qxc3+ {[%clk
00:24:55]} {[%emt 00:00:11]} Kg8 {[%clk 00:35:11]} {[%emt 00:00:53]} 23. b3
{[%clk 00:23:25]} {[%emt 00:02:00]} Qe6 {[%clk 00:31:13]} {[%emt 00:04:28]} 24.
Qe3 {[%clk 00:21:57]} {[%emt 00:01:57]} Qe5 {[%clk 00:30:13]} {[%emt 00:01:31]}
25. f4 {[%clk 00:18:27]} {[%emt 00:04:00]} Qf6 {[%clk 00:28:47]} {[%emt
00:01:56]} 26. Ra2 {[%clk 00:14:43]} {[%emt 00:04:14]} Bc6 {[%clk 00:26:00]}
{[%emt 00:03:17]} 27. Rad2 {[%clk 00:14:57]} {[%emt 00:00:16]} Kf7 {[%clk
00:23:18]} {[%emt 00:03:13]} 28. b4 {[%clk 00:12:10]} {[%emt 00:03:17]} Ba4
{[%clk 00:21:17]} {[%emt 00:02:31]} 29. fxg5 {[%clk 00:10:00]} {[%emt
00:02:40]} hxg5 {[%clk 00:18:52]} {[%emt 00:02:54]} 30. Rxd8 {[%clk 00:10:23]}
{[%emt 00:00:08]} Rxd8 {[%clk 00:19:14]} {[%emt 00:00:08]} 31. Rxd8 {[%clk
00:10:25]} {[%emt 00:00:28]} Qxd8 {[%clk 00:19:41]} {[%emt 00:00:03]} 32. g4
{[%clk 00:10:39]} {[%emt 00:00:15]} Bc6 {[%clk 00:09:11]} {[%emt 00:11:01]} 33.
gxf5 {[%clk 00:10:54]} {[%emt 00:00:14]} Qe7 {[%clk 00:09:30]} {[%emt
00:00:11]} 34. b5 {[%clk 00:09:41]} {[%emt 00:01:44]} axb5 {[%clk 00:07:51]}
{[%emt 00:02:10]} 35. cxb5 {[%clk 00:10:08]} {[%emt 00:00:02]} Bd5 {[%clk
00:07:31]} {[%emt 00:00:51]} 36. Qd4 {[%clk 00:08:32]} {[%emt 00:02:06]} c6
{[%clk 00:07:48]} {[%emt 00:00:13]} 37. a6 {[%clk 00:08:03]} {[%emt 00:00:59]}
bxa6 {[%clk 00:07:23]} {[%emt 00:00:56]} 38. bxa6 {[%clk 00:08:27]} {[%emt
00:00:06]} Qa3 {[%clk 00:06:38]} {[%emt 00:01:15]} 39. Bxe4 {[%clk 00:07:25]}
{[%emt 00:01:32]} Bxe4 {[%clk 00:06:39]} {[%emt 00:00:30]} 40. Qxe4 {[%clk
00:07:40]} {[%emt 00:00:14]} Qxa6 {[%clk 00:07:01]} {[%emt 00:00:09]} 41. Qe6+
{[%clk 00:07:03]} {[%emt 00:01:06]} Kf8 {[%clk 00:07:02]} {[%emt 00:00:30]} 42.
Kg2 {[%clk 00:05:09]} {[%emt 00:02:24]} Qa4 {[%clk 00:06:56]} {[%emt 00:00:36]}
43. Qf6+ {[%clk 00:04:03]} {[%emt 00:01:35]} Ke8 {[%clk 00:07:14]} {[%emt
00:00:12]} 44. Qxg5 {[%clk 00:04:13]} {[%emt 00:00:20]} c5 {[%clk 00:06:05]}
{[%emt 00:01:40]} 45. Qg8+ {[%clk 00:03:16]} {[%emt 00:01:26]} Ke7 {[%clk
00:06:07]} {[%emt 00:00:28]} 46. Qe6+ {[%clk 00:03:25]} {[%emt 00:00:21]} Kf8
{[%clk 00:06:28]} {[%emt 00:00:09]} 47. f6 {[%clk 00:03:25]} {[%emt 00:00:29]}
Qa8+ {[%clk 00:06:52]} {[%emt 00:00:06]} 48. Kf2 {[%clk 00:03:44]} {[%emt
00:00:11]} Qa7 {[%clk 00:07:18]} {[%emt 00:00:05]} 49. Qe7+ {[%clk 00:03:33]}
{[%emt 00:00:41]} Qxe7 {[%clk 00:07:43]} {[%emt 00:00:05]} 50. fxe7+ {[%clk
00:03:59]} {[%emt 00:00:04]} Kxe7 {[%clk 00:08:09]} {[%emt 00:00:04]} 51. Ke3
{[%clk 00:04:24]} {[%emt 00:00:04]} Kd6 {[%clk 00:08:34]} {[%emt 00:00:05]} 52.
Kd3 {[%clk 00:04:50]} {[%emt 00:00:04]} Kd5 {[%clk 00:09:00]} {[%emt 00:00:04]}
53. Kc3 {[%clk 00:05:02]} {[%emt 00:00:18]} Ke4 {[%clk 00:08:57]} {[%emt
00:00:33]} 54. Kc4 {[%clk 00:05:27]} {[%emt 00:00:04]} Ke3 {[%clk 00:09:23]}
{[%emt 00:00:04]} 55. Kxc5 {[%clk 00:05:51]} {[%emt 00:00:06]} Kxe2 {[%clk
00:09:38]} {[%emt 00:00:15]} 56. h4 {[%clk 00:06:15]} {[%emt 00:00:05]} Kf3
{[%clk 00:10:03]} {[%emt 00:00:05]} 57. h5 {[%clk 00:06:41]} {[%emt 00:00:04]}
1-0

[Event "POHÁR města Říčany 2023"]
[Site "Městské kulturní středisko U labutě"]
[Date "2023.08.29"]
[Round "5.4"]
[White "Vojta, Jakub"]
[Black "Mydlar, Matej"]
[Result "1-0"]
[WhiteFideId "382515"]
[BlackFideId "23735074"]
[WhiteElo "2288"]
[BlackElo "1668"]
[PlyCount "0"]
[EventDate "2023.08.26"]

1. Nf3 {[%clk 01:30:57]} c5 {[%clk 01:30:54]} {[%emt 00:00:07]} 2. g3 {[%clk
01:31:05]} {[%emt 00:00:21]} g6 {[%clk 01:31:16]} {[%emt 00:00:09]} 3. Bg2
{[%clk 01:31:29]} {[%emt 00:00:07]} Bg7 {[%clk 01:31:33]} {[%emt 00:00:12]} 4.
O-O {[%clk 01:31:45]} {[%emt 00:00:14]} Nc6 {[%clk 01:31:57]} {[%emt 00:00:06]}
5. d3 {[%clk 01:32:02]} {[%emt 00:00:12]} Nf6 {[%clk 01:31:56]} {[%emt
00:00:31]} 6. Nbd2 {[%clk 01:32:26]} {[%emt 00:00:06]} d5 {[%clk 01:30:45]}
{[%emt 00:01:41]} 7. e4 {[%clk 01:32:42]} {[%emt 00:00:14]} O-O {[%clk
01:30:29]} {[%emt 00:00:46]} 8. Re1 {[%clk 01:31:49]} {[%emt 00:01:22]} e5
{[%clk 01:20:35]} {[%emt 00:10:24]} 9. exd5 {[%clk 01:28:09]} {[%emt 00:04:11]}
Nxd5 {[%clk 01:20:56]} {[%emt 00:00:08]} 10. Nc4 {[%clk 01:28:33]} {[%emt
00:00:05]} Re8 {[%clk 01:21:04]} {[%emt 00:00:23]} 11. a4 {[%clk 01:28:32]}
{[%emt 00:00:32]} Nb6 {[%clk 00:58:42]} {[%emt 00:22:52]} 12. Nfd2 {[%clk
01:14:52]} {[%emt 00:14:09]} Nd4 {[%clk 00:55:22]} {[%emt 00:03:50]} 13. a5
{[%clk 01:14:27]} {[%emt 00:00:56]} Nxc4 {[%clk 00:52:56]} {[%emt 00:02:57]} 14.
Nxc4 {[%clk 01:14:39]} {[%emt 00:00:17]} Rb8 {[%clk 00:53:13]} {[%emt
00:00:14]} 15. c3 {[%clk 01:09:06]} {[%emt 00:06:02]} Nf5 {[%clk 00:50:23]}
{[%emt 00:03:20]} 16. f4 {[%clk 01:08:22]} {[%emt 00:01:14]} f6 {[%clk
00:44:03]} {[%emt 00:06:52]} 17. Qf3 {[%clk 00:59:52]} {[%emt 00:08:58]} Qc7
{[%clk 00:36:59]} {[%emt 00:07:36]} 18. fxe5 {[%clk 00:41:51]} {[%emt
00:18:31]} fxe5 {[%clk 00:36:57]} {[%emt 00:00:32]} 19. Bf4 {[%clk 00:42:17]}
{[%emt 00:00:04]} Kh8 {[%clk 00:23:35]} {[%emt 00:13:52]} 20. Nxe5 {[%clk
00:38:17]} {[%emt 00:04:29]} 1-0

[Event "POHÁR města Říčany 2023"]
[Site "Městské kulturní středisko U labutě"]
[Date "2023.08.29"]
[Round "5.5"]
[White "Davidek, Zdenek"]
[Black "Walek, Petr"]
[Result "1/2-1/2"]
[WhiteFideId "23725001"]
[BlackFideId "339393"]
[WhiteElo "2051"]
[BlackElo "2219"]
[PlyCount "0"]
[EventDate "2023.08.26"]

1. d4 {[%clk 01:30:54]} {[%emt 00:00:05]} Nf6 {[%clk 01:30:53]} {[%emt
00:00:08]} 2. c4 {[%clk 01:31:15]} {[%emt 00:00:09]} c6 {[%clk 01:31:18]}
{[%emt 00:00:04]} 3. Nf3 {[%clk 01:31:29]} {[%emt 00:00:16]} d5 {[%clk
01:31:36]} {[%emt 00:00:12]} 4. g3 {[%clk 01:31:28]} {[%emt 00:00:32]} g6
{[%clk 01:31:50]} {[%emt 00:00:14]} 5. Bg2 {[%clk 01:31:32]} {[%emt 00:00:28]}
Bg7 {[%clk 01:32:15]} {[%emt 00:00:05]} 6. O-O {[%clk 01:30:41]} {[%emt
00:01:21]} O-O {[%clk 01:32:30]} {[%emt 00:00:15]} 7. Qb3 {[%clk 01:30:57]}
{[%emt 00:00:13]} a5 {[%clk 01:32:17]} {[%emt 00:00:43]} 8. cxd5 {[%clk
01:25:47]} {[%emt 00:05:40]} a4 {[%clk 01:27:51]} {[%emt 00:04:56]} 9. Qd1
{[%clk 01:25:48]} {[%emt 00:00:28]} cxd5 {[%clk 01:24:14]} {[%emt 00:04:09]} 10.
Nc3 {[%clk 01:21:11]} {[%emt 00:05:06]} a3 {[%clk 01:04:01]} {[%emt 00:20:44]}
11. b3 {[%clk 01:08:59]} {[%emt 00:12:41]} Ne4 {[%clk 00:44:57]} {[%emt
00:19:34]} 12. Nxe4 {[%clk 00:50:25]} {[%emt 00:19:04]} dxe4 {[%clk 00:45:21]}
{[%emt 00:00:06]} 13. Ne5 {[%clk 00:50:22]} {[%emt 00:00:32]} Nc6 {[%clk
00:36:37]} {[%emt 00:09:15]} 14. Nxc6 {[%clk 00:47:45]} {[%emt 00:03:07]} bxc6
{[%clk 00:37:02]} {[%emt 00:00:06]} 15. Be3 {[%clk 00:47:25]} {[%emt 00:00:49]}
f5 {[%clk 00:31:17]} {[%emt 00:06:16]} 16. Rc1 {[%clk 00:39:51]} {[%emt
00:08:04]} Ra6 {[%clk 00:30:42]} {[%emt 00:01:05]} 17. Qc2 {[%clk 00:26:17]}
{[%emt 00:14:04]} Be6 {[%clk 00:29:31]} {[%emt 00:01:41]} 18. Rfd1 {[%clk
00:25:24]} {[%emt 00:01:23]} Bd5 {[%clk 00:27:22]} {[%emt 00:02:39]} 19. Bf4
{[%clk 00:25:21]} {[%emt 00:00:33]} Qd7 {[%clk 00:24:39]} {[%emt 00:03:13]} 20.
Qc5 {[%clk 00:24:15]} {[%emt 00:01:36]} Rfa8 {[%clk 00:20:05]} {[%emt
00:05:04]} 21. Bd2 {[%clk 00:20:11]} {[%emt 00:04:34]} Qa7 {[%clk 00:13:09]}
{[%emt 00:07:25]} 22. Bb4 {[%clk 00:19:06]} {[%emt 00:01:36]} e5 {[%clk
00:06:02]} {[%emt 00:07:38]} 23. dxe5 {[%clk 00:18:10]} {[%emt 00:01:26]} Qxc5
{[%clk 00:06:18]} {[%emt 00:00:13]} 24. Bxc5 {[%clk 00:18:08]} {[%emt
00:00:32]} Bxe5 {[%clk 00:06:01]} {[%emt 00:00:47]} 25. Bd4 {[%clk 00:18:37]}
{[%emt 00:00:02]} Bxd4 {[%clk 00:04:32]} {[%emt 00:02:00]} 26. Rxd4 {[%clk
00:09:08]} {[%emt 00:09:58]} Kf7 {[%clk 00:05:01]} 27. e3 {[%clk 00:09:31]}
{[%emt 00:00:08]} Ke6 {[%clk 00:03:54]} {[%emt 00:01:37]} 28. Bf1 {[%clk
00:10:00]} Rb6 {[%clk 00:03:34]} {[%emt 00:00:51]} 29. Bc4 {[%clk 00:09:53]}
{[%emt 00:00:37]} Ke5 {[%clk 00:01:20]} {[%emt 00:02:45]} 30. Bxd5 {[%clk
00:08:54]} {[%emt 00:01:29]} cxd5 {[%clk 00:01:48]} 31. Rc5 {[%clk 00:09:15]}
{[%emt 00:00:09]} Rxb3 {[%clk 00:01:36]} {[%emt 00:00:42]} 32. Rcxd5+ {[%clk
00:08:43]} {[%emt 00:01:02]} Ke6 {[%clk 00:01:06]} {[%emt 00:01:00]} 33. Rd6+
{[%clk 00:04:48]} {[%emt 00:04:26]} Ke7 {[%clk 00:01:35]} 34. Rd7+ {[%clk
00:05:09]} {[%emt 00:00:09]} Ke6 {[%emt 00:00:47]} 1/2-1/2

[Event "POHÁR města Říčany 2023"]
[Site "Městské kulturní středisko U labutě"]
[Date "2023.08.29"]
[Round "5.6"]
[White "Seidl, Jan"]
[Black "Meca, Viktor ml."]
[Result "1-0"]
[WhiteFideId "23714522"]
[BlackFideId "23739800"]
[WhiteElo "2163"]
[BlackElo "1421"]
[PlyCount "0"]
[EventDate "2023.08.26"]

1. c4 {[%clk 01:30:56]} {[%emt 00:00:01]} e5 {[%clk 01:30:40]} {[%emt
00:00:20]} 2. Nc3 {[%clk 01:31:18]} {[%emt 00:00:08]} Nf6 {[%clk 01:30:50]}
{[%emt 00:00:20]} 3. g3 {[%clk 01:31:39]} {[%emt 00:00:10]} d5 {[%clk
01:30:57]} {[%emt 00:00:23]} 4. cxd5 {[%clk 01:32:02]} {[%emt 00:00:07]} Nxd5
{[%clk 01:31:17]} {[%emt 00:00:10]} 5. Bg2 {[%clk 01:32:29]} {[%emt 00:00:03]}
Nb6 {[%clk 01:31:16]} {[%emt 00:00:32]} 6. Nf3 {[%clk 01:32:46]} {[%emt
00:00:13]} Nc6 {[%clk 01:31:24]} {[%emt 00:00:22]} 7. O-O {[%clk 01:33:02]}
{[%emt 00:00:14]} Be7 {[%clk 01:31:20]} {[%emt 00:00:33]} 8. d3 {[%clk
01:33:06]} {[%emt 00:00:26]} O-O {[%clk 01:30:44]} {[%emt 00:01:06]} 9. a3
{[%clk 01:33:23]} {[%emt 00:00:14]} Be6 {[%clk 01:29:08]} {[%emt 00:02:05]} 10.
b4 {[%clk 01:32:14]} {[%emt 00:01:40]} f6 {[%clk 01:19:37]} {[%emt 00:10:01]}
11. Bb2 {[%clk 01:30:07]} {[%emt 00:02:37]} Qd7 {[%clk 01:09:16]} {[%emt
00:10:51]} 12. Re1 {[%clk 01:19:06]} {[%emt 00:11:30]} Rab8 {[%clk 00:58:12]}
{[%emt 00:11:35]} 13. Rc1 {[%clk 01:17:50]} {[%emt 00:01:45]} Rfd8 {[%clk
00:45:42]} {[%emt 00:13:00]} 14. Ne4 {[%clk 01:15:26]} {[%emt 00:02:54]} Nd4
{[%clk 00:36:17]} {[%emt 00:09:55]} 15. Nxd4 {[%clk 01:14:52]} {[%emt
00:01:04]} exd4 {[%clk 00:36:36]} {[%emt 00:00:11]} 16. Nc5 {[%clk 01:15:04]}
{[%emt 00:00:18]} Bxc5 {[%clk 00:36:34]} {[%emt 00:00:32]} 17. bxc5 {[%clk
01:15:30]} {[%emt 00:00:04]} Na4 {[%clk 00:33:21]} {[%emt 00:03:43]} 18. Ba1
{[%clk 01:15:01]} {[%emt 00:00:59]} Qb5 {[%clk 00:28:06]} {[%emt 00:05:45]} 19.
e3 {[%clk 01:05:50]} {[%emt 00:09:41]} dxe3 {[%clk 00:21:03]} {[%emt 00:07:33]}
20. Rxe3 {[%clk 01:06:07]} {[%emt 00:00:14]} Bb3 {[%clk 00:20:13]} {[%emt
00:01:20]} 21. Qg4 {[%clk 01:04:39]} {[%emt 00:01:58]} Qd7 {[%clk 00:13:07]}
{[%emt 00:07:36]} 22. Qb4 {[%clk 01:03:58]} {[%emt 00:01:10]} Qf7 {[%clk
00:10:36]} {[%emt 00:03:01]} 23. Rce1 {[%clk 00:58:37]} {[%emt 00:05:52]} Bc2
{[%clk 00:05:52]} {[%emt 00:05:15]} 24. Re7 {[%clk 00:56:26]} {[%emt 00:02:40]}
Qf8 25. Qc4+ {[%clk 00:56:26]} 1-0